000 00229nam a2200109Ia 4500
008 210707s9999 xx 000 0 und d
041 _aeng
082 _aCD94
100 _aEFY
245 _aE pages 2003
906 _a2003 E pages
999 _c177128
_d177128